000 00590nam a22001817a 4500
008 180206b xxu||||| |||| 00| 0 eng d
020 _a9780073016788
050 _aRC86.8
_b.S73 2005
245 _aStandard first aid, CPR, and AED
_cNational Safety Council
246 _b First aid, CPR, and AED
260 _aNew York, NY :
_bMcGraw-Hill Higher Education,
_cc2005
300 _avi, 138 p. :
_bill. ;
_c26 cm
500 _aIncludes index
650 _aFirst aid in illness and injury
650 _aCPR (First aid)
650 _aAutomated external defibrillation
942 _2lcc
_cBK
999 _c52048
_d52048